000 00549nam a2200193Ia 4500
008 191130s2006##################000#0#eng##
020 _a9788179920282
040 _aACL
_cACL
082 _a658.4092 RUB
100 _aRubino, Dr. Joe
245 _aThe power to succeed
_cDr. Joe Rubino
260 _aMumbai
_bJaico Publishing House
_c2006
300 _a174p. : ill., 23cm
500 _aIncludes bibliographical references and index
650 _aManagement
990 _adc952b7bac10000c56e2869b96a4c443
991 _a120636
999 _c65191
_d65191